000 00746cab a2200301 4500
001 WB3212-43
008 090401t1996 xxu||||| |||| 00| 0 eng d
035 _a(Sirsi) u56738
041 _aeng
245 _aHong Kong
260 _c1996
300 _aLOAN
350 _a0
490 _aFinancial Times
_vSurvey, 19 March 1996, 1-8(8)
520 _aA look at Hong Kong now and predictions for post 1997.
650 _aAIRPORT
650 _aBANKING SECTOR
650 _aBRITISH RELATIONS
650 _aCHINA
650 _aECONOMY
650 _aHONG KONG
650 _aPROPERTY DEVELOPMENT
650 _aTELECOMMUNICATIONS
650 _aTOURISM
690 _aOVERSEAS-REST OF THE WORLD
942 _n0
948 _c04/03/1997
999 _c34633
_d34633